|
|
|
|
| LEADER |
00000naa0a2200000 4500 |
| 001 |
602209 |
| 005 |
20250909125857.0 |
| 035 |
|
|
|a (RuTPU)RU\TPU\tpu\27656
|
| 035 |
|
|
|a RU\TPU\tpu\27655
|
| 090 |
|
|
|a 602209
|
| 100 |
|
|
|a 20150616d2014 k y0rusy50 ca
|
| 101 |
0 |
|
|a rus
|
| 102 |
|
|
|a RU
|
| 200 |
1 |
|
|a Идея глобального эволюционизма и ее роль в современной научной картине мира
|f И. В. Черникова
|
| 333 |
|
|
|a В фонде НТБ ТПУ отсутствует
|
| 461 |
|
1 |
|t Глобалистика как область научных исследований и сфера преподавания
|o [сборник статей]
|d 2014
|
| 463 |
|
1 |
|t Спец. выпуск
|f Московский государственный университет им. М. В. Ломоносова (МГУ), Факультет глобальных процессов ; под ред. И. И. Абылгазиева, И. В. Ильина
|v С. 48-63
|d 2014
|
| 610 |
1 |
|
|a труды учёных ТПУ
|
| 700 |
|
1 |
|a Черникова
|b И. В.
|c специалист в области психологии и права
|c профессор Томского политехнического университета, доктор философских наук
|f 1953-
|g Ирина Васильевна
|3 (RuTPU)RU\TPU\pers\31778
|
| 712 |
0 |
2 |
|a Национальный исследовательский Томский политехнический университет (ТПУ)
|b Институт социально-гуманитарных технологий (ИСГТ)
|b Кафедра социологии, психологии и права (СОЦ)
|3 (RuTPU)RU\TPU\col\18373
|
| 801 |
|
1 |
|a RU
|b 63413507
|c 20150616
|
| 801 |
|
2 |
|a RU
|b 63413507
|c 20150616
|g RCR
|
| 942 |
|
|
|c BK
|